Normal view
MARC view
- Ivan Niven< Herbert S. Zuckerman
Entry Personal Name
001 - CONTROL NUMBER
- control field: 10439
003 - CONTROL NUMBER IDENTIFIER
- control field: NUST
005 - DATE AND TIME OF LATEST TRANSACTION
- control field: 20180522064651.0
008 - FIXED-LENGTH DATA ELEMENTS
- fixed length control field: 180522|| aca||aabn | a|a d
040 ## - CATALOGING SOURCE
- Original cataloging agency: NUST
- Transcribing agency: NUST
100 ## - HEADING--PERSONAL NAME
- Personal name: Ivan Niven< Herbert S. Zuckerman
670 ## - SOURCE DATA FOUND
- Source citation: Work cat.: (NUST): Ivan Niven< Herbert S. Zuckerman , An Introduction to The Theory of Numbers, 1960
